| 000 | 00479nam a22001817a 4500 | ||
|---|---|---|---|
| 003 | OSt | ||
| 005 | 20140310181757.0 | ||
| 008 | 130701t xxu||||| |||| 00| 0 eng d | ||
| 050 |
_aPN 6261 _b.M458 1993 |
||
| 082 |
_aFIL 808.882 _bM44 1993 |
||
| 100 | _aMaurus, J. | ||
| 245 |
_aMore anecdotes of the great / _cJ. Maurus. |
||
| 260 |
_aPhilippines : _bDaughters of Saint Paul, _c1993. |
||
| 300 |
_a146 p. ; _c17 cm. |
||
| 650 | _aAnecdotes | ||
| 942 |
_2lcc _cBK |
||
| 999 |
_c3478 _d3478 |
||